Cadernos PROLAM/USP. Brazilian Journal of Latin American Studies

Bibliographic Details
Format: Book
Language:Portuguese
Published: Sao Paulo: LTR Editora, 2013 -
Subjects:
Online Access:Acceso restringido

MARC

LEADER 00000nam a22000007a 4500
005 20140901183247.0
007 cr|||| ||||
008 140901c20139999br ||||| |||| 00| 0 por d
035 |a 12339 
040 |a vLex 
090 |c 5143  |d 5143 
245 0 0 |a Cadernos PROLAM/USP. Brazilian Journal of Latin American Studies  |h [Recurso electrn̤ico] 
256 |a Servicio en ln̕ea 
260 |a Sao Paulo:   |b LTR Editora,  |c 2013 - 
300 |a 1 recurso electrn̤ico 
506 1 |a Contenido disponible en los productos indicados  |d vLex Global  |d vLex Global (Academic Edition, excluding Law Schools)  |d vLex Global (U.S. Academic Edition, Law Schools)  |d vLex Global (U.S. Academic Edition, excluding Law Schools)  |d vLex Global (Academic Edition, Law Schools) 
650 0 4 |a Ciencias sociales  |z Latinoamřica 
650 0 4 |a Derecho  |z Latinoamřica 
740 0 |a vLex Revistas (Servicio en ln̕ea) 
856 4 0 |u http://vlex.com/source/brazilian-journal-latin-american-studies-12339  |z Acceso restringido 
942 |c REV 
999 0 |a Social sciences